000 00537cam a22001937a 4500
001 001129
003 armpunfd
005 20140612090631.0
008 020529e0####xx#a##########000#0#und#d
040 _aarmpunfd
_carmpunfd
080 _a342.724 H 143
100 1 0 _a Halperin, Isaac
245 1 0 _aSociedades de responsabilidad limitada
260 _a Uenos Aires : Depalma
_b1980. 315 P.
650 7 _a Sociedad Responsabilidad Limitada
_2LEMB
650 7 _a Sociedades
_2LEMB
942 _cLB
_2cdu
945 _aCatalis
_d2010-08-19
999 _c1120
_d231624